000
00330nam a22001457a 4500
003
SGT
020
_a
9788176710848
082
_b
DRA
100
_a
DRAGO. RUSSELL.S
245
_a
PHYSICAL METHODS IN INORGANIC CHEMISTRY
260
_b
LITTEN EDUCATION
_c
2017
300
_a
430
650
_a
PHYSICAL SCIENCE
942
_2
ddc
_c
BK
999
_c
15852
_d
15852